Sports Quiz

Random Sports or NCAA Quiz

90s NCAA Wrestling Ind. Champion Schools Quiz Stats

 Plays Quiz not verified by Sporcle

Score 0/100 Timer 04:00
0 Plays Today
Year/Weight School % Correct
1991/134Iowa
99.6%
1991/167Iowa
99.6%
1992/126Iowa
99.6%
1992/134Iowa
99.6%
1992/142Iowa
99.6%
1993/142Iowa
99.6%
1993/150Iowa
99.6%
1994/150Iowa
99.6%
1994/190Iowa
99.6%
1995/126Iowa
99.6%
1996/142Iowa
99.6%
1996/158Iowa
99.6%
1996/167Iowa
99.6%
1997/118Iowa
99.6%
1997/134Iowa
99.6%
1997/150Iowa
99.6%
1997/158Iowa
99.6%
1997/190Iowa
99.6%
1998/134Iowa
99.6%
1998/142Iowa
99.6%
1998/167Iowa
99.6%
1999/141Iowa
99.6%
1999/149Iowa
99.6%
2000/133Iowa
99.6%
1996/150Iowa State
95.6%
1997/177Iowa State
95.6%
1999/184Iowa State
95.6%
2000/184Iowa State
95.6%
1996/190Oklahoma
93.4%
2000/174Oklahoma
93.4%
1991/158Oklahoma State
92.1%
1992/158Oklahoma State
92.1%
1994/142Oklahoma State
92.1%
1994/158Oklahoma State
92.1%
Year/Weight School % Correct
1994/167Oklahoma State
92.1%
1995/190Oklahoma State
92.1%
1997/126Oklahoma State
92.1%
1997/167Oklahoma State
92.1%
1998/118Oklahoma State
92.1%
1998/126Oklahoma State
92.1%
1999/133Oklahoma State
92.1%
1991/177Minnesota
89%
1998/190Minnesota
89%
1999/197Minnesota
89%
2000/285Minnesota
89%
2000/157Penn
86.8%
1991/118Penn State
86%
1992/118Penn State
86%
1994/275Penn State
86%
1995/142Penn State
86%
1996/126Penn State
86%
1997/275Penn State
86%
1999/174Penn State
86%
2000/125Penn State
86%
1995/118Michigan State
82.5%
1992/177Ohio State
82%
1993/177Ohio State
82%
1993/190Ohio State
82%
1998/177Ohio State
82%
1998/158Ohio
81.6%
1991/150Wisconsin
78.1%
1992/150Wisconsin
78.1%
1996/275Wisconsin
78.1%
2000/165Wisconsin
78.1%
1991/275Illinois
76.3%
1995/150Illinois
76.3%
1995/158Illinois
76.3%
1998/150Illinois
76.3%
Year/Weight School % Correct
2000/141Illinois
76.3%
1991/126Nebraska
73.7%
1993/126Nebraska
73.7%
1995/275Nebraska
73.7%
2000/197Nebraska
73.7%
1994/126Cornell
72.8%
1993/158Arizona State
70.6%
1993/167Arizona State
70.6%
1995/167Arizona State
70.6%
1992/167Purdue
64.9%
1993/134North Carolina
60.5%
1994/134North Carolina
60.5%
1995/134North Carolina
60.5%
1995/177Oregon State
48.7%
1996/177Oregon State
48.7%
1993/275North Carolina State
47.8%
1991/142West Virginia
42.5%
1994/177West Virginia
42.5%
1992/275Clarion
40.4%
1996/118Clarion
40.4%
2000/149Northern Iowa
39.9%
1999/165Boise State
37.7%
1996/134Lock Haven
32.9%
1997/142Lock Haven
32.9%
1999/125Fresno State
31.1%
1991/190Cal State-Bakersfield
29.4%
1998/275Cal State-Bakersfield
29.4%
1999/285Cal State-Bakersfield
29.4%
1992/190Syracuse
28.5%
1993/118Clemson
25.9%
1994/118Clemson
25.9%
1999/157Central Michigan
24.6%

You're not logged in!

Compare scores with friends on all Sporcle quizzes.
OR
Log In

Show Comments

Extras

Top Quizzes Today


Score Distribution

Your Account Isn't Verified!

In order to create a playlist on Sporcle, you need to verify the email address you used during registration. Go to your Sporcle Settings to finish the process.

Report this User

Report this user for behavior that violates our Community Guidelines.

Details: